000 00953cam a22002897a 4500
003 CHAP
005 20220329141103.0
008 971013s1993 r 00010 d
010 _a62410
011 _a63382
035 _a67558
040 _cCHAP
082 _a972.74
_bC7
100 0 0 _aCruz, Víctor de la.
_929658
245 1 3 _aEl general Charis y la pacificación del México postrevolucionario
260 _aMéxico, D. F. :
_bCentro de Investigaciones y Estudios Superiores de Antropología Social,
_c1993
300 _a257 p.
590 _aBATCH-UPD
_b10
_c20130110
_lUCH01
_h0608
590 _aBATCH-UPD
_b10
_c20130410
_lUCH01
_h0250
590 _aBATCH-UPD
_b10
_c20130914
_lUCH01
_h0919
590 _aCONVERSION
_b10
_c20130109
_lUCH01
_h1333
650 1 4 _aCharis Castro, Heliodoro.
_921960
650 1 4 _aOaxaca
_xHistoria.
_982483
901 _aBK
942 _cLIBRO
949 _a972.74 C7
_bBC
_cLIBRO
_d33724000643615
_eLIBRO
_h92131
_i67558
_si
999 _c62410
_d62410